000 00238nam a2200097Ia 4500
008 190216s9999||||xx |||||||||||||| ||und||
100 _aNull
245 0 _aHindi-Yedeendra Mohan Sena Gupth
260 _bMac Millian And Com. Ltd
942 _cBK
999 _c18536
_d18536